| 000 | 00622nam a2200181 i 4500 | ||
|---|---|---|---|
| 001 | 144035 | ||
| 003 | ES-MaACL | ||
| 005 | 20250804062622.0 | ||
| 007 | t| | ||
| 008 | 070214s1972 sp r ||||1| spa d | ||
| 100 | 1 |
_aPérez Galdós, Benito, _d1843-1920 _990871 |
|
| 245 | 1 | 4 |
_aLos artículos de Galdós en "La Nación" _b: 1865-1866, 1868 : recogidos, ordenados y dados nuevamente a la luz con un estudio preliminar / _cWilliam H. Shoemaker. |
| 260 |
_aMadrid : _bÍnsula, _c1972. |
||
| 300 |
_a557 p. ; _c26 cm. |
||
| 700 | 1 |
_aShoemaker, William H. _9106147 |
|
| 852 |
_aES-MaACL _jC-43020 |
||
| 999 |
_c144035 _d144035 |
||